| 000 | 00000nam 2200000zi 4500 |
| 001 | 9.944364 |
| 003 | CaOODSP |
| 005 | 20250131094733 |
| 006 | m o d f |
| 007 | cr mn||||||||| |
| 008 | 241022e202411##oncab ob f000 0 eng d |
| 020 | |a9780660741147 |
| 040 | |aCaOODSP|beng|erda|cCaOODSP |
| 043 | |an-cnm--|aln----- |
| 045 | |ax2y2 |
| 086 | 1 |aFs70-5/2024-076E-PDF |
| 100 | 1 |aNiles, M. M., |eauthor. |
| 245 | 10|aScallop fishery assessment of the southern Gulf of St. Lawrence to 2023 : |bcommercial fishery and survey data / |cMonique Niles, Andrew Harbicht, Jeff Barrell, Jeff C. Clements, Rémi Sonier. |
| 264 | 1|aOttawa ON : |bCanadian Science Advisory Secretariat (CSAS), |cNovember 2024. |
| 264 | 4|c©2024 |
| 300 | |a1 online resource (xi, 118 pages) : |billustrations (some colour), colour maps. |
| 336 | |atext|btxt|2rdacontent |
| 337 | |acomputer|bc|2rdamedia |
| 338 | |aonline resource|bcr|2rdacarrier |
| 490 | 1 |aResearch document, |x1919-5044 ; |v2024/076 |
| 500 | |aIssued also in French under title: Évaluation de la pêche du pétoncle dans le sud du Golfe du Saint-Laurent en 2023 : données de la pêche commerciale et données de relevés. |
| 504 | |aIncludes bibliographical references (pages 25-33). |
| 520 | |a"The 2024 sea scallop stock assessment for the southern Gulf of St. Lawrence (sGSL) incorporates data from the commercial fishery (1923-2023) and research surveys (2019-2023). We present landings, effort and catch rates (CPUE) at the Scallop Fishing Area (SFA) level, the bed level, and the core area (SFAs 22 and 24) level for the available time series. …"--Abstract, page xi. |
| 650 | 0|aPlacopecten magellanicus|zSaint Lawrence, Gulf of. |
| 650 | 0|aPlacopecten magellanicus fisheries|zSaint Lawrence, Gulf of. |
| 650 | 0|aFish stock assessment|zSaint Lawrence, Gulf of. |
| 710 | 2 |aCanadian Science Advisory Secretariat, |eissuing body. |
| 710 | 1 |aCanada. |bDepartment of Fisheries and Oceans. |bGulf Region, |eissuing body. |
| 775 | 08|tÉvaluation de la pêche du pétoncle dans le sud du Golfe du Saint-Laurent en 2023 : |w(CaOODSP)9.944365 |
| 830 | #0|aResearch document (Canadian Science Advisory Secretariat)|v2024/076.|w(CaOODSP)9.507396 |
| 856 | 40|qPDF|s14.10 MB|uhttps://publications.gc.ca/collections/collection_2025/mpo-dfo/fs70-5/Fs70-5-2024-076-eng.pdf |